|
|
|
|
| LEADER |
00000nam a2200000 i 4500 |
| 001 |
1/70293 |
| 008 |
050124s1989 eng d |
| 020 |
|
|
|a 0-486-66103-2
|
| 035 |
|
|
|l 10076182
|
| 040 |
|
|
|a GR-MY-UA
|b gre
|e aacr
|
| 041 |
0 |
|
|a eng
|
| 082 |
0 |
|
|a 515
|2 (21)
|
| 100 |
1 |
|
|a Widder, David Vernon
|d 1898-
|
| 245 |
1 |
0 |
|a Advanced calculus /
|c David V. Widder
|
| 250 |
|
|
|a 2nd ed.
|
| 260 |
|
|
|a New York :
|b Dover,
|c c1989
|
| 300 |
|
|
|a xvi, 520 σ.;
|b εικ.;
|c 22 εκ.
|
| 504 |
|
|
|a Περιλαμβάνει ευρετήριο
|
| 650 |
0 |
0 |
|a Calculus.
|
| 852 |
|
|
|a INST
|b CHIOS
|e 20050124
|h 515 WID
|p 005200022627
|q 005200022627
|t BK
|y 0
|
| 901 |
|
|
|a BIBL2-2005-1
|
| 909 |
|
|
|a Χ
|b 112317
|
| 920 |
|
|
|a ΔΙΕΥΡΥΝΣΗ
|b ΕΠΕΑΕΚ-ΤΜΟΔ
|y ΧΙΟΣ
|z 2004-12
|
| 970 |
|
|
|a ΣΠΕΝΤΖΑ
|b ΕΛΕΝΗ
|z 2005/01/24
|